=LDR 00000nam 2200000 4500 =001 INLIS000000000054357 =990 ##$$a 61901084 =990 ##$$a 61901087 =990 ##$$a 61901086 =990 ##$$a 61901085 =005 20200122124718 =990 ##$$a 61901087 =990 ##$$a 61901086 =990 ##$$a 61901087 =990 ##$$a 61901087 =035 ##$$a 0010-0120000135 =990 ##$$a 61901085 =990 ##$$a 61901085 =990 ##$$a 61901086 =990 ##$$a 61901086 =007 ta =990 ##$$a 61901085 =990 ##$$a 61901084 =990 ##$$a 61901084 =990 ##$$a 61901084 =008 200122###########################0#ind## =020 ##$$a 9978-602-1036-96-6 =082 ##$$a 899.221 3 =084 ##$$a 899.221 3 Aid l =100 #$$a Ai Deti Lestari =245 1#$$a Lebih dari duka /$c Ai Deti Lestari =260 ##$$a Jakarta :$b Trans media pustaka,$c 2018 =300 ##$$a x, 190 hlm. ; $c 19 Cm. =600 #4$$a Fiksi indonesia =990 ##$$a 05540554 =990 ##$$a 05540554 =990 ##$$a 05540554 =990 ##$$a 05540554 =990 ##$$a 61901084 =990 ##$$a 6202000554 =990 ##$$a 6202000555 =990 ##$$a 6202000556 =990 ##$$a 61901085 =990 ##$$a 6202000554 =990 ##$$a 6202000555 =990 ##$$a 61901084 =990 ##$$a 61901086 =990 ##$$a 6202000554 =990 ##$$a 61901085 =990 ##$$a 61901084 =990 ##$$a 61901087 =990 ##$$a 61901086 =990 ##$$a 61901085 =990 ##$$a 61901084